<?xml version="1.0" encoding="UTF-8"?>
<collection xmlns="http://www.loc.gov/MARC21/slim">
 <record>
  <leader>00717pamaa2200193   4500</leader>
  <controlfield tag="001">0000046032</controlfield>
  <controlfield tag="005">20090828090000.0</controlfield>
  <controlfield tag="008">090828                             eng  </controlfield>
  <datafield tag="020" ind1="0" ind2="0">
   <subfield code="a">9789833221028 / 9833221025 </subfield>
  </datafield>
  <datafield tag="090" ind1="0" ind2="0">
   <subfield code="a">GV1596 </subfield>
   <subfield code="b">RAM</subfield>
  </datafield>
  <datafield tag="245" ind1="1" ind2="0">
   <subfield code="a">Ramli! : </subfield>
   <subfield code="b">the heart of sutra  </subfield>
   <subfield code="c">Foreword by James Murdoch; </subfield>
   <subfield code="f">phographers by Eric Li...[at. all].</subfield>
  </datafield>
  <datafield tag="260" ind1="0" ind2="0">
   <subfield code="a">Kuala Lumpur: </subfield>
   <subfield code="b">Sutra Dance Theatre (M)sdn. bhd, </subfield>
   <subfield code="c">[?).</subfield>
  </datafield>
  <datafield tag="300" ind1=" " ind2=" ">
   <subfield code="a">160p: </subfield>
   <subfield code="b">ill.; </subfield>
   <subfield code="c">32 cm.</subfield>
  </datafield>
  <datafield tag="504" ind1="0" ind2="0">
   <subfield code="a">Includes bibliographical reference</subfield>
  </datafield>
  <datafield tag="600" ind1="1" ind2="0">
   <subfield code="a">Ramli Ibrahim</subfield>
  </datafield>
  <datafield tag="650" ind1="0" ind2="0">
   <subfield code="a">Male dancers -- </subfield>
   <subfield code="x">Pictorial works -- </subfield>
   <subfield code="z">Malaysia </subfield>
  </datafield>
  <datafield tag="650" ind1="0" ind2="0">
   <subfield code="a">Performing arts -- </subfield>
   <subfield code="x">Pictorial works -- </subfield>
   <subfield code="z">India </subfield>
  </datafield>
  <datafield tag="700" ind1="1" ind2="1">
   <subfield code="a">Murdoch, </subfield>
   <subfield code="h">James </subfield>
  </datafield>
  <datafield tag="901" ind1=" " ind2=" ">
   <subfield code="u">www.sutrasdancetheatre.com</subfield>
  </datafield>
 </record>
</collection>
